Birds of the US - Falcons and Parrots - Statistics

General Stats
  • This quiz has been taken 21 times
  • The average score is 8 of 14
Answer Stats
Hint Answer % Correct
Falco peregrinus Peregrine Falcon
94%
Falco rusticolus Gyrfalcon
75%
Falco sparverius American Kestrel
69%
Aratinga nenday Nanday Parakeet
69%
Falco femoralis Aplomado Falcon
63%
Caracara plancus Crested Caracara
63%
Falco columbarius Merlin
56%
Myiopsitta monachus Monk Parakeet
56%
Falco mexicanus Prairie Falcon
56%
Amazona viridigenalis Red-crowned Parrot
50%
Psittacara holochlorus Green Parakeet
38%
Amazona autumnalis Red-lored Parrot
31%
Brotogeris versicolurus White-winged Parakeet
25%
Amazona finschi Lilac-crowned Parrot
19%
No matching quizzes found
Score Distribution
Percent of People with Each Score
Percentile by Number Answered
Your Score History
You have not taken this quiz